বাংলাদেশের মিঠাপানির অমেরুদণ্ডী প্রাণী / (Record no. 70925)
[ view plain ]
| 000 -LEADER | |
|---|---|
| fixed length control field | 00938nam a2200241 a 4500 |
| 001 - CONTROL NUMBER | |
| control field | 70925 |
| 003 - CONTROL NUMBER IDENTIFIER | |
| rucl marc code | BD-RjUL |
| 005 - DATE AND TIME OF LATEST TRANSACTION | |
| control field | 20211209082044.0 |
| 008 - FIXED-LENGTH DATA ELEMENTS--GENERAL INFORMATION | |
| fixed length control field | 170422s1992 bg a|||| |||| 000 0 ben d |
| 020 ## - INTERNATIONAL STANDARD BOOK NUMBER | |
| International Standard Book Number | 9840726072 |
| Terms of availability | : Tk.100.00 |
| 035 ## - SYSTEM CONTROL NUMBER | |
| System control number | (BD-RjUL)71139 |
| 040 ## - CATALOGING SOURCE | |
| Original cataloging agency | BD-RjUL |
| Language of cataloging | ben |
| Transcribing agency | BD-RjUL |
| Modifying agency | BD-RjUL |
| 041 ## - LANGUAGE CODE | |
| Language code of text/sound track or separate title | ben |
| 082 ## - DEWEY DECIMAL CLASSIFICATION NUMBER | |
| Edition number | 23 |
| Classification number | 639.31 |
| Author mark and year | ALB 1992 |
| 100 1# - MAIN ENTRY--PERSONAL NAME | |
| Personal name | আলী, শাহাদত |
| 9 (RLIN) | 209891 |
| 245 10 - TITLE STATEMENT | |
| Title | বাংলাদেশের মিঠাপানির অমেরুদণ্ডী প্রাণী / |
| Statement of responsibility, etc. | শাহাদত আলী |
| 260 ## - PUBLICATION, DISTRIBUTION, ETC. (IMPRINT) | |
| Place of publication, distribution, etc. | ঢাকা : |
| Name of publisher, distributor, etc. | বাংলা একাডেমী, |
| Date of publication, distribution, etc. | ১৯৯২ [১৩৯৯] |
| 300 ## - PHYSICAL DESCRIPTION | |
| Pagination | ২০৭ পৃ. : |
| Illustrations | চিত্র. ; |
| Size | ২৫ সেমি. |
| 504 ## - BIBLIOGRAPHY, ETC. NOTE | |
| Bibliography, etc | গ্রন্থপঞ্জি সংযুক্ত |
| 650 ## - SUBJECT ADDED ENTRY--TOPICAL TERM | |
| Topical term or geographic name as entry element | মিঠাপানির মাছ |
| 9 (RLIN) | 210209 |
| Topical term or geographic name as entry element | Fresh water fish |
| 9 (RLIN) | 210210 |
| 942 ## - ADDED ENTRY ELEMENTS (KOHA) | |
| Source of classification or shelving scheme | Dewey Decimal Classification |
| Koha item type | Books |
| Lost status | Source of classification or shelving scheme | Damaged status | Not for loan | Collection code | Permanent Location | Current Location | Shelving location | Date acquired | Coded location qualifier | Cost, normal purchase price | Total Checkouts | Full call number | Date last seen | Copy number | Koha item type |
|---|---|---|---|---|---|---|---|---|---|---|---|---|---|---|---|
| Dewey Decimal Classification | Not For Loan | Non-fiction | Central Library, University of Rajshahi | Central Library, University of Rajshahi | Reading Room | 11/10/1992 | Bangla Aca | 0.00 | B 639.31 ALB 1992 | 22/04/2017 | C-1 | Books |